Statistiken für Länder mit dem höchsten Export

Klicken Sie hier um das Quiz zu spielen!

Allgemein

  • Dieses Quiz wurde 122 mal gespielt
  • Das Durchschnittsergebnis liegt bei 13 aus 15

Antwortstatistiken

HintAntwort% Korrekt
AsienChina
100%
EuropaDeutschland
100%
NordamerikaUSA
99%
EuropaFrankreich
98%
AsienJapan
97%
NordamerikaKanada
95%
EuropaSpanien
95%
AsienIndien
94%
EuropaItalien
94%
NordamerikaMexiko
93%
AsienSüdkorea
88%
EuropaNiederlande
83%
EuropaSchweiz
65%
EuropaGroßbritannien
62%
AsienHongkong
12%

Verteilung der Resultate

Perzentil nach korrekt beantworteten Fragen

Anzahl Personen mit jedem Resultat

Ihre Resultats-Entwicklung

Sie haben dieses Quiz noch nicht gespielt